| 000 | 02226nam0a2200373 i 4500 | ||
|---|---|---|---|
| 001 | RU\NLR\BIBL_A\010901608 | ||
| 005 | 20240921153911.0 | ||
| 010 |
_a9785903258192 _9250 |
||
| 021 |
_aRU _b15-82989 |
||
| 035 | _a(NILC)RuMoRGB-008051945 | ||
| 035 | _a(NLR Aleph) 010901608 | ||
| 090 |
_a10595049 _c10595049 |
||
| 100 | _a20151117d2011 km y0rusy50 ca | ||
| 101 | 0 |
_arus _deng _erus _eeng |
|
| 102 | _aRU | ||
| 105 | _aab||z|||100yy | ||
| 200 | 1 |
_aСовременные методы обработки и интерпретации сейсмологических данных _dModern methods of processing and interpretation of seismological data _eматериалы Шестой Международной сейсмологической школы, Апатиты, 15-19 августа 2011 г. _f[редкол.: чл.-кор. РАН А. А. Маловичко (отв. ред.) и др.] _zeng |
|
| 210 |
_aОбнинск _cГС РАН _d2011 |
||
| 215 |
_a395, [1] с. _cил., табл., карт., цв. ил., цв. карт. _d29 |
||
| 300 | _aВ надзаг.: Рос. акад. наук, Геофиз. служба, Ин-т физики Земли, Кол. науч. центр РАН, Рос. фонд фундамент. исследований | ||
| 300 | _aРез. ст. на англ. яз. | ||
| 320 | _aБиблиогр. в конце ст. | ||
| 510 | 1 |
_aModern methods of processing and interpretation of seismological data _zeng |
|
| 606 | 1 |
_aСейсмологические исследования _jСъезды, совещания и т.п _xОбработка результатов _92457409 _3RU\NLR\AUTH\661460548 |
|
| 675 | _a550.3 | ||
| 686 | 1 | _aД217с9я431(0) | |
| 702 | 1 |
_aМаловичко _bА. А. _f1952- _gАлексей Александрович _4340 |
|
| 711 | 1 | 2 |
_aМеждународная сейсмологическая школа _d6 _eАпатиты _f2011 _9492610 _3RU\NLR\AUTH\880413678 |
| 801 | 0 |
_aRU _bРГБ _c20151023 _gRCR |
|
| 942 | _cBOOK | ||
| 980 | _aNBR | ||